Odkonsolidácia v praxi

Vymedzenie pojmu odkonsolidácia podľa medzinárodného štandardu účtovného vykazovania IFRS 10. Ilustračné príklady.

Saved in:
Bibliographic Details
Main Author: Užík, Ján, 1969-
Format: Book Chapter
Language:Slovak
Subjects:
Tags: Add Tag
No Tags, Be the first to tag this record!

MARC

LEADER 00000naa a2200000 4500
001 0246027
005 20240502073943.7
041 0 |a slo 
044 |a SK 
245 1 0 |a Odkonsolidácia v praxi  |c Ján Užík 
520 |a Vymedzenie pojmu odkonsolidácia podľa medzinárodného štandardu účtovného vykazovania IFRS 10. Ilustračné príklady. 
610 2 0 |a konsolidácia 
610 2 0 |a štandardy účtovné medzinárodné 
610 2 0 |a výkazy účtovné 
610 2 0 |a závierka účtovná konsolidovaná 
610 2 0 |a podnik dcérsky 
100 1 |a Užík, Ján, 1969-